Plánovanie nákladov podniku pomocou experience curve

Salvato in:
Dettagli Bibliografici
Autore principale: Tóth, Miroslav, 1961-
Altri autori: Tóthová, Alena, 1968-
Natura: Capitolo di libro
Lingua:slovacco
Tags: Aggiungi Tag
Nessun Tag, puoi essere il primo ad aggiungerne!!

MARC

LEADER 00000naa$a2200000$$$4500
001 0060861
005 20240502071657.8
041 0 |a slo 
044 |a SK 
245 1 0 |a Plánovanie nákladov podniku pomocou experience curve  |c Miroslav Tóth, Alena Tóthová 
100 1 |a Tóth, Miroslav, 1961- 
700 1 |a Tóthová, Alena, 1968-